Derecho alimentario, medida excepcional y proceso excluyente / (Registro nro. 5879)
[ vista simple ]
| 000 -LEADER | |
|---|---|
| fixed length control field | 01133nab a22002297a 4500 |
| 003 - CONTROL NUMBER IDENTIFIER | |
| control field | OSt |
| 005 - DATE AND TIME OF LATEST TRANSACTION | |
| control field | 20260109021317.0 |
| 008 - FIXED-LENGTH DATA ELEMENTS--GENERAL INFORMATION | |
| fixed length control field | 190514b xxu||||| |||| 00| 0 spa d |
| 040 ## - CATALOGING SOURCE | |
| Transcribing agency | PJ |
| 100 ## - MAIN ENTRY--PERSONAL NAME | |
| 9 (RLIN) | 6302 |
| Personal name | Fernández, Ángela G. |
| 245 10 - TITLE STATEMENT | |
| Title | Derecho alimentario, medida excepcional y proceso excluyente / |
| Statement of responsibility, etc | Ángela G. Fernández, Esteban Caride. |
| 300 ## - PHYSICAL DESCRIPTION | |
| Extent | p. 65-76 |
| 505 ## - FORMATTED CONTENTS NOTE | |
| Formatted contents note | Sumario: I. Introducción.— II. Definiciones, situaciones y datos estadísticos.— III. Obligados a pagar alimentos.— IV. Pautas a considerar en la determinación de la cuota.— V. Vigencia temporal de la cuota.— VI. Algunas propuestas para agilizar la percepción y uso de la cuota.— VII. Consideraciones finales. |
| 505 ## - FORMATTED CONTENTS NOTE | |
| Title | Si te interesa el texto, comunicate a koha@justierradelfuego.gov.ar |
| 650 #0 - SUBJECT ADDED ENTRY--TOPICAL TERM | |
| 9 (RLIN) | 967 |
| Topical term or geographic name as entry element | DERECHO DE FAMILIA |
| 650 #0 - SUBJECT ADDED ENTRY--TOPICAL TERM | |
| 9 (RLIN) | 968 |
| Topical term or geographic name as entry element | ALIMENTOS |
| 650 #0 - SUBJECT ADDED ENTRY--TOPICAL TERM | |
| 9 (RLIN) | 1074 |
| Topical term or geographic name as entry element | OBLIGACION ALIMENTARIA |
| 650 #0 - SUBJECT ADDED ENTRY--TOPICAL TERM | |
| 9 (RLIN) | 4099 |
| Topical term or geographic name as entry element | CUOTA ALIMENTARIA |
| 700 ## - ADDED ENTRY--PERSONAL NAME | |
| 9 (RLIN) | 6303 |
| Personal name | Caride, Esteban |
| Función | coautor |
| 773 0# - HOST ITEM ENTRY | |
| Host Biblionumber | 2844 |
| Host Itemnumber | 3222 |
| Place, publisher, and date of publication | Buenos Aires : AbeledoPerrot, 1989- |
| Title | Derecho de familia. N° 121 - Septiembre 2025 |
| International Standard Book Number | 18511201 |
| 942 ## - ADDED ENTRY ELEMENTS (KOHA) | |
| Source of classification or shelving scheme | |
| Koha item type | Analítica Artículo de Revista |
No hay ítems disponibles.
